000 00367nam a2200133Ia 4500
008 191206s9999 xx 000 0 und d
020 _a9.7814E+12
090 _aDF225.5.C37
245 0 _aThermopylae: the battle that changed the world
260 _aVintage Books
260 _ccc2006
300 _a"xxxvii, 313 p. : ill., maps ; 21 cm."
999 _c17174
_d17174